书目信息 |
| 题名: |
构建高效的ERP系统
|
|
| 作者: | 汉密尔顿 著 ;简学 译 | |
| 分册: | ||
| 出版信息: | 北京 机械工业出版社 2004.01 |
|
| 页数: | 16,324页 | |
| 开本: | 24cm | |
| 丛书名: | ERP经典译丛 | |
| 单 册: | ||
| 中图分类: | F407.406.14 | |
| 科图分类: | ||
| 主题词: | 计算机应用--制造工业--工业企业管理 , 计算机应用 , 制造工业 , 工业企业管理 | |
| 电子资源: | ||
| ISBN: | 7-111-10459-5 | |
| 000 | 01347oam2 2200361 45 | |
| 001 | 012005607025 | |
| 005 | 20060913085007.46 | |
| 010 | @a7-111-10459-5@dCNY38.00 | |
| 092 | @aCN@b135491 | |
| 100 | @a20051222d2004 em y0chiy0120 ea | |
| 101 | 1 | @achi@ceng |
| 102 | @aCN@b110000 | |
| 105 | @aa z 000yy | |
| 200 | 1 | @a构建高效的ERP系统@Agou jian gao xiao de ERP xi tong@e制造企业ERP实施指南@f(美)斯科特·汉密尔顿(Scott Hamilton)著@F( mei ) si ke te· han mi er dun (Scott Hamilton) zhu@g简学等译@Gjian xue deng yi |
| 210 | @a北京@c机械工业出版社@d2004.01 | |
| 215 | @a16,324页@c图@d24cm | |
| 225 | 2 | @aERP经典译丛 |
| 300 | @a华章经管 | |
| 305 | @a美国麦格劳—希尔教育(亚洲)出版公司通过Bardon Chinese Media Agency授权出版 | |
| 320 | @a有书目 | |
| 330 | @a本书重点讨论如何通过ERP套装软件对生产和销售运作进行管理,为企业全面提供了充分用好此系统的实用性建议。 | |
| 461 | 0 | @12001 @aERP经典译丛 |
| 510 | 1 | @aMaximizing Your ERP System@eA Practical Guide for Managers@zeng |
| 606 | 0 | @a计算机应用@x制造工业@x工业企业管理 |
| 606 | 0 | @a计算机应用 |
| 606 | 0 | @a制造工业 |
| 606 | 0 | @a工业企业管理 |
| 690 | @aF407.406.14@v4 | |
| 701 | 0 | @c(美)@a汉密尔顿@Ahan mi er dun@c(Hamilton, Scott)@4著 |
| 702 | 0 | @a简学@Ajian xue@4译 |
| 801 | 0 | @aCN@bLZJBOOK@c20060913 |
| 905 | @aBZT@dF407.406.14@e1 | |
| 906 | @dCNY38.00@n0@r1 | |
| 构建高效的ERP系统:制造企业ERP实施指南/(美)斯科特·汉密尔顿(Scott Hamilton)著/简学等译.-北京:机械工业出版社,2004.01 |
| 16,324页:图;24cm.-(ERP经典译丛) |
| 华章经管 |
| ISBN 7-111-10459-5:CNY38.00 |
| 本书重点讨论如何通过ERP套装软件对生产和销售运作进行管理,为企业全面提供了充分用好此系统的实用性建议。 |
| ● |
| 相关链接 |
|
|
|
正题名:构建高效的ERP系统
索取号:F407.406.14/1
 
预约/预借
| 序号 | 登录号 | 条形码 | 馆藏地/架位号 | 状态 | 备注 |
| 1 | 456263 | 230012479 | 中心书库北库/ 北库017架A面5列1层42/ [索取号:F407.406.14/1] | 在馆 | |
| 2 | 456264 | 230012478 | 中心书库北库/ 北库017架A面5列1层41/ [索取号:F407.406.14/1] | 在馆 | |
| 3 | 456265 | 230012477 | 中心书库北库/ 北库017架A面5列1层38/ [索取号:F407.406.14/1] | 在馆 | |
| 4 | 456266 | 230012476 | 中心书库北库/ 北库017架A面5列1层40/ [索取号:F407.406.14/1] | 在馆 | |
| 5 | 456267 | 230012475 | 中心书库北库/ 北库017架A面5列1层39/ [索取号:F407.406.14/1] | 在馆 |